[Event "Novi Sad TS GM/IM Mix 189th"]
[Site "Novi Sad"]
[Date "2024.03.04"]
[Round "8"]
[White "Drazic, Sinisa"]
[Black "Sredojevic, Ivan"]
[Result "1/2-1/2"]
[WhiteElo "2276"]
[BlackElo "2265"]
[PlyCount "20"]
[EventDate "2024.02.29"]
[EventType "swiss"]
[EventRounds "9"]
[EventCountry "SRB"]
[SourceTitle "CB12_2024"]
[SourceDate "2023.10.01"]
[SourceVersion "1"]
[SourceVersionDate "2023.10.01"]
[SourceQuality "1"]

1. e4 d6 2. g3 Nf6 3. Bg2 g6 4. d3 Bg7 5. Ne2 0-0 6. 0-0 c5 7. c3 Nc6 8. h3 Bd7 9. Be3 e5 10. Na3 a6 1/2-1/2

[Event "Novi Sad TS GM/IM Mix 189th"]
[Site "Novi Sad"]
[Date "2024.03.02"]
[Round "4"]
[White "Drazic, Sinisa"]
[Black "Al Saleh, Mohammad"]
[Result "1/2-1/2"]
[WhiteElo "2276"]
[BlackElo "1972"]
[PlyCount "30"]
[EventDate "2024.02.29"]
[EventType "swiss"]
[EventRounds "9"]
[EventCountry "SRB"]
[SourceTitle "CB12_2024"]
[SourceDate "2023.10.01"]
[SourceVersion "1"]
[SourceVersionDate "2023.10.01"]
[SourceQuality "1"]

1. f4 f5 2. Nf3 e6 3. g3 Nf6 4. Bg2 Be7 5. 0-0 0-0 6. d3 c5 7. c4 Nc6 8. Nc3 d6 9. e3 Qd7 10. Qe2 b6 11. b3 Bb7 12. Bb2 Rad8 13. Rad1 Rfe8 14. h3 Bf8 15. Kh2 h6 1/2-1/2

[Event "Senta Fantastico op 02"]
[Site "Senta"]
[Date "2024.02.25"]
[Round "5"]
[White "Bryakin, Mikhail"]
[Black "Drazic, Sinisa"]
[Result "1-0"]
[WhiteElo "2479"]
[BlackElo "2276"]
[PlyCount "47"]
[EventDate "2024.02.22"]
[EventType "swiss"]
[EventRounds "9"]
[EventCountry "SRB"]
[SourceTitle "CB10_2024"]
[SourceDate "2024.03.06"]
[SourceVersion "1"]
[SourceVersionDate "2024.03.06"]
[SourceQuality "1"]

1. c4 c5 2. Nf3 Nc6 3. d4 cxd4 4. Nxd4 g6 5. e4 Bg7 6. Be3 Nf6 7. Nc3 Ng4 8. Qxg4 Nxd4 9. Qd1 Ne6 10. Be2 Qa5 11. 0-0 g5 12. Rc1 b6 13. Qd5 Rb8 14. g3 d6 15. Rfd1 h6 16. a3 a6 17. Qd3 Bd7 18. Qb1 Qe5 19. Rd5 Qf6 20. e5 dxe5 21. Rxd7 Kxd7 22. Bg4 e4 23. Qxe4 Rhd8 24. Nd5 1-0

[Event "Nova Gorica op 28th"]
[Site "Nova Gorica"]
[Date "2024.01.31"]
[Round "7"]
[White "Drazic, Sinisa"]
[Black "Szegedy, Matyas"]
[Result "1/2-1/2"]
[WhiteElo "2270"]
[BlackElo "2129"]
[PlyCount "136"]
[EventDate "2024.01.26"]
[EventType "swiss"]
[EventRounds "9"]
[EventCountry "SLO"]
[SourceTitle "CB06_2024"]
[SourceDate "2024.02.07"]
[SourceVersion "1"]
[SourceVersionDate "2024.02.07"]
[SourceQuality "1"]

1. e4 c6 2. d4 d5 3. f3 g6 4. Nc3 Bg7 5. Be3 Qb6 6. a3 dxe4 7. fxe4 e5 8. Nf3 Nd7 9. Bc4 Ngf6 10. h3 0-0 11. 0-0 Ne8 12. Qd2 exd4 13. Nxd4 Ne5 14. Bb3 Qc7 15. Rad1 b6 16. Nf3 Ba6 17. Nxe5 Bxe5 18. Rf3 Nd6 19. Bh6 Rfe8 20. Qf2 Bc4 21. Bf4 Bxb3 22. cxb3 Bxf4 23. Rxf4 Re6 24. Rf1 Rae8 25. Qg3 R8e7 26. Rf6 Ne8 27. Rxe6 Rxe6 28. Qg5 Qe7 29. Qf4 Nd6 30. Re1 Re5 31. Re2 Kg7 32. Qf3 h5 33. Qd3 Kh7 34. b4 b5 35. b3 Re6 36. Qd4 Qg5 37. Re1 Qg3 38. Re3 Nf5 39. Rxg3 Nxd4 40. Rd3 Nxb3 41. Rd7 Kg7 42. Rxa7 Nd2 43. Rc7 Nc4 44. a4 bxa4 45. Nxa4 Rd6 46. Nc5 Ne5 47. Rb7 Rd2 48. b5 cxb5 49. Rxb5 Kf6 50. Rb3 h4 51. Rc3 Kg5 52. Rc1 Rb2 53. Rc3 Rd2 54. Rc1 Kf4 55. Rc3 Rd1+ 56. Kf2 Rd2+ 57. Kf1 Ra2 58. Kg1 g5 59. Kf1 Ra1+ 60. Ke2 g4 61. hxg4 Kxg4 62. Kf2 Ng6 63. Nd3 Ra2+ 64. Kf1 Ra1+ 65. Kf2 Ra2+ 66. Kg1 Ra1+ 67. Kh2 Ra2 68. Kg1 Ra1+ 1/2-1/2

[Event "Nova Gorica op 28th"]
[Site "Nova Gorica"]
[Date "2024.01.28"]
[Round "4"]
[White "Csonka, Balazs"]
[Black "Drazic, Sinisa"]
[Result "1/2-1/2"]
[WhiteElo "2479"]
[BlackElo "2270"]
[PlyCount "75"]
[EventDate "2024.01.26"]
[EventType "swiss"]
[EventRounds "9"]
[EventCountry "SLO"]
[SourceTitle "CB06_2024"]
[SourceDate "2024.02.07"]
[SourceVersion "1"]
[SourceVersionDate "2024.02.07"]
[SourceQuality "1"]

1. e4 e5 2. Nf3 Nc6 3. Bc4 Nf6 4. d3 Bc5 5. c3 Bb6 6. 0-0 d6 7. a4 a6 8. Re1 h6 9. Nbd2 0-0 10. h3 Ne7 11. a5 Ba7 12. Nf1 Ng6 13. Ng3 Bd7 14. d4 Bc6 15. Bd3 Re8 16. Be3 exd4 17. Bxd4 Ne5 18. Nxe5 dxe5 19. Bxa7 Rxa7 20. Qf3 Ra8 21. Bc4 Bd7 22. Nh5 Qe7 23. Nxf6+ Qxf6 24. Qxf6 gxf6 25. Bd5 c6 26. Bc4 Rad8 27. Red1 Be6 28. Bxe6 fxe6 29. Kf1 Kf7 30. Ke2 Ke7 31. g3 Rg8 32. Ke3 h5 33. Ke2 Rh8 34. Rxd8 Rxd8 35. Rd1 Rh8 36. c4 f5 37. exf5 exf5 38. Kf3 1/2-1/2

[Event "Wch Blitz"]
[Site "Samarkand"]
[Date "2023.12.30"]
[Round "14"]
[White "Gorovets, Andrey"]
[Black "Drazic, Sinisa"]
[Result "1-0"]
[WhiteElo "2481"]
[BlackElo "2264"]
[PlyCount "55"]
[EventDate "2023.12.29"]
[EventType "swiss (blitz)"]
[EventRounds "21"]
[EventCountry "UZB"]
[SourceTitle "CB01_2024"]
[SourceDate "2024.01.03"]
[SourceVersion "1"]
[SourceVersionDate "2024.01.03"]
[SourceQuality "1"]

1. d4 d5 2. c4 dxc4 3. Nf3 Nf6 4. e3 Be6 5. Na3 Bd5 6. Nxc4 e6 7. Be2 c5 8. 0-0 Nc6 9. a3 a5 10. Nce5 Nd7 11. Nxf7 Kxf7 12. e4 Bxe4 13. Ng5+ Kg8 14. Nxe4 Nxd4 15. Bc4 Ne5 16. Ba2 Be7 17. f4 Nf7 18. Be3 Ra6 19. Rc1 Qb6 20. Bxd4 cxd4 21. Rc8+ Nd8 22. f5 Qxb2 23. Rf2 Qxa3 24. fxe6 h6 25. Rxd8+ Bxd8 26. e7+ Kh7 27. Bb1 Qxe7 28. Nf6# 1-0

[Event "Wch Blitz"]
[Site "Samarkand"]
[Date "2023.12.29"]
[Round "10"]
[White "Bryakin, Mikhail"]
[Black "Drazic, Sinisa"]
[Result "1-0"]
[WhiteElo "2486"]
[BlackElo "2264"]
[PlyCount "104"]
[EventDate "2023.12.29"]
[EventType "swiss (blitz)"]
[EventRounds "21"]
[EventCountry "UZB"]
[SourceTitle "CB01_2024"]
[SourceDate "2024.01.03"]
[SourceVersion "1"]
[SourceVersionDate "2024.01.03"]
[SourceQuality "1"]

1. c4 e5 2. Nc3 Bb4 3. Nd5 Bd6 4. d4 c6 5. Nc3 Nf6 6. Nf3 e4 7. Ng5 Bb4 8. Bd2 Bxc3 9. Bxc3 h6 10. Nh3 d5 11. e3 dxc4 12. Bxc4 Nd5 13. Bxd5 Qxd5 14. Nf4 Qf5 15. d5 0-0 16. Qd4 f6 17. 0-0-0 Rd8 18. g4 Qh7 19. d6 Bxg4 20. Rhg1 Qf5 21. Qc4+ Kh7 22. Bxf6 b5 23. Qb3 Na6 24. Bxd8 Bxd1 25. Rxd1 Rxd8 26. Qe6 Qc5+ 27. Kb1 Nb4 28. Qxe4+ Kg8 29. d7 Nd5 30. Qe8+ Qf8 31. Qe6+ Qf7 32. Qxc6 Nxf4 33. exf4 Qf5+ 34. Ka1 Qxf4 35. Qd5+ Kh8 36. Qxb5 Qxf2 37. Qa5 Qf6 38. Qd2 Qe5 39. a3 a5 40. a4 Qf5 41. b3 Kh7 42. Ka2 Kh8 43. Qd3 Qe5 44. Rd2 Qf4 45. Qd5 Qe3 46. Qd4 Qg5 47. h4 Qf5 48. Qd5 Qf4 49. h5 Qe3 50. Qd3 Qe5 51. Qd5 Qc3 52. Re2 Qf6 1-0

[Event "Wch Rapid"]
[Site "Samarkand"]
[Date "2023.12.28"]
[Round "12"]
[White "Amangeldy, Ernur"]
[Black "Drazic, Sinisa"]
[Result "1/2-1/2"]
[WhiteElo "2134"]
[BlackElo "2264"]
[PlyCount "120"]
[EventDate "2023.12.26"]
[EventType "swiss (rapid)"]
[EventRounds "13"]
[EventCountry "UZB"]
[SourceTitle "CB01_2024"]
[SourceDate "2024.01.03"]
[SourceVersion "1"]
[SourceVersionDate "2024.01.03"]
[SourceQuality "1"]

1. d4 d5 2. c4 dxc4 3. Nf3 Nf6 4. e3 Be6 5. Na3 Bd5 6. Nxc4 e6 7. Be2 c5 8. 0-0 Nc6 9. dxc5 Bxc5 10. a3 a5 11. b3 0-0 12. Bb2 Qe7 13. Qc2 Ne4 14. Rac1 f5 15. a4 Rac8 16. Qb1 h6 17. Qa1 Rfd8 18. Rfd1 Kh7 19. Bf1 Ng5 20. Nxg5+ Qxg5 21. g3 Bf3 22. Rxd8 Rxd8 23. Bg2 Bxg2 24. Kxg2 Rd3 25. Ne5 Nxe5 26. Bxe5 b6 27. Rd1 Rxd1 28. Qxd1 Qe7 29. Qf3 Qd7 30. e4 Kg8 31. h4 fxe4 32. Qxe4 h5 33. Qf3 Qd5 34. Qxd5 exd5 35. Kf3 Kf7 36. Ke2 g6 37. f3 Ke6 38. Bf4 Kf5 39. Kd3 Ke6 40. Bc7 Kd7 41. Be5 Ke6 42. Bd4 Kd6 43. Bb2 Bf2 44. Bd4 Bxg3 45. Bxb6 Bxh4 46. Bxa5 Bg3 47. b4 h4 48. Ke2 h3 49. Kf1 Be1 50. Kg1 d4 51. Bb6 d3 52. Be3 Bxb4 53. Kh2 d2 54. Bxd2 Bxd2 55. Kxh3 Ke6 56. Kg4 Kf6 57. f4 Ba5 58. Kf3 Kf5 59. Kg3 Bb6 60. Kf3 Bc7 1/2-1/2

[Event "Wch Rapid"]
[Site "Samarkand"]
[Date "2023.12.28"]
[Round "11"]
[White "Drazic, Sinisa"]
[Black "Yonal, Timur"]
[Result "1-0"]
[WhiteElo "2264"]
[BlackElo "2003"]
[PlyCount "103"]
[EventDate "2023.12.26"]
[EventType "swiss (rapid)"]
[EventRounds "13"]
[EventCountry "UZB"]
[SourceTitle "CB01_2024"]
[SourceDate "2024.01.03"]
[SourceVersion "1"]
[SourceVersionDate "2024.01.03"]
[SourceQuality "1"]

1. d4 d5 2. Bg5 f6 3. Bd2 e6 4. e3 c5 5. dxc5 Bxc5 6. c4 Ne7 7. Nc3 0-0 8. cxd5 Nxd5 9. Nf3 Nc6 10. Bc4 Nxc3 11. Bxc3 Qe7 12. a3 a6 13. Qc2 Kh8 14. Bd3 e5 15. 0-0 f5 16. e4 f4 17. b4 Bd6 18. Nd2 f3 19. g3 Qe6 20. Rfd1 Qh3 21. Bf1 Qh6 22. Qd3 Bg4 23. Nc4 Bc7 24. Ne3 Be6 25. Nd5 Bd8 26. a4 Qh5 27. b5 Ne7 28. Bb4 Qf7 29. bxa6 bxa6 30. a5 Rg8 31. Nb6 Ra7 32. Bc5 Nc6 33. Ra3 Be7 34. Bxe7 Qxe7 35. Qd6 Qxd6 36. Rxd6 Nd4 37. Rc3 Ne2+ 38. Bxe2 fxe2 39. Re3 Bg4 40. h3 Bf3 41. Rd2 Rc7 42. Rdxe2 Bxe2 43. Rxe2 Rc5 44. Ra2 g6 45. Kg2 Rd8 46. g4 Rd4 47. f3 Rb4 48. g5 Rbb5 49. Rd2 Rxa5 50. Nd7 Rc7 51. Nf6 Kg7 52. Ne8+ 1-0

[Event "Wch Rapid"]
[Site "Samarkand"]
[Date "2023.12.28"]
[Round "10"]
[White "Vescovi, Giovanni P"]
[Black "Drazic, Sinisa"]
[Result "1-0"]
[WhiteElo "2584"]
[BlackElo "2264"]
[PlyCount "113"]
[EventDate "2023.12.26"]
[EventType "swiss (rapid)"]
[EventRounds "13"]
[EventCountry "UZB"]
[SourceTitle "CB01_2024"]
[SourceDate "2024.01.03"]
[SourceVersion "1"]
[SourceVersionDate "2024.01.03"]
[SourceQuality "1"]

1. Nf3 Nf6 2. d4 d5 3. c4 dxc4 4. e3 Be6 5. Nc3 c6 6. Ng5 Qc8 7. Be2 g6 8. 0-0 Bg7 9. a4 a5 10. e4 0-0 11. Be3 Na6 12. f3 Nb4 13. Qd2 Rd8 14. Rac1 Ne8 15. Rfd1 h6 16. Nxe6 Qxe6 17. Qe1 Nc7 18. Kh1 Nca6 19. Qf1 Nd3 20. Bxd3 cxd3 21. Qxd3 Nb4 22. Qd2 g5 23. Ne2 Qg6 24. Ng3 Rd7 25. Qf2 Rad8 26. Rd2 e6 27. Rcd1 f5 28. exf5 exf5 29. f4 g4 30. d5 Nxd5 31. Bd4 Re8 32. Bc3 Bxc3 33. bxc3 Rde7 34. Rc1 h5 35. c4 Nf6 36. Rd6 Re6 37. Rxe6 Rxe6 38. Qc5 Ne4 39. Qxa5 Nd6 40. c5 Nf7 41. Qa8+ Kh7 42. Qxb7 h4 43. Nf1 Qf6 44. a5 Re7 45. Qb1 Re4 46. Qa1 Qe6 47. a6 Qd5 48. Rd1 Qb3 49. Nd2 Qa4 50. Nxe4 Qxe4 51. a7 h3 52. Rg1 g3 53. a8Q gxh2 54. Kxh2 Qxf4+ 55. Kh1 Qh4 56. g4 h2 57. Rg2 1-0

[Event "Wch Rapid"]
[Site "Samarkand"]
[Date "2023.12.26"]
[Round "2"]
[White "Drazic, Sinisa"]
[Black "Andreikin, Dmitry"]
[Result "0-1"]
[WhiteElo "2264"]
[BlackElo "2729"]
[PlyCount "64"]
[EventDate "2023.12.26"]
[EventType "swiss (rapid)"]
[EventRounds "13"]
[EventCountry "UZB"]
[SourceTitle "CB01_2024"]
[SourceDate "2024.01.03"]
[SourceVersion "1"]
[SourceVersionDate "2024.01.03"]
[SourceQuality "1"]

1. e4 c5 2. Nf3 e6 3. c3 d5 4. exd5 Qxd5 5. d4 Nf6 6. Be2 Be7 7. Na3 0-0 8. 0-0 Qd8 9. Nc2 Nbd7 10. c4 b6 11. b3 Bb7 12. Bb2 Qc7 13. Qd2 Rfd8 14. Rfd1 Nf8 15. Qe1 Ng6 16. Ne5 cxd4 17. Nxg6 hxg6 18. Nxd4 Bc5 19. b4 Bd6 20. g3 a5 21. a3 axb4 22. axb4 Rxa1 23. Bxa1 Bf8 24. f3 e5 25. Nb5 Rxd1 26. Qxd1 Qe7 27. Bc3 e4 28. f4 e3 29. Qd4 Ba8 30. Kf1 Qb7 31. Qxe3 Qh1+ 32. Qg1 Bg2+ 0-1

[Event "Senta Fantastico IM 10"]
[Site "Senta"]
[Date "2023.10.25"]
[Round "4.2"]
[White "Drazic, Sinisa"]
[Black "Ribeiro, Rodrigo"]
[Result "1/2-1/2"]
[WhiteElo "2294"]
[BlackElo "2154"]
[PlyCount "99"]
[EventDate "2023.10.23"]
[EventType "tourn"]
[EventRounds "9"]
[EventCountry "SRB"]
[SourceTitle "Mega2024 Update 01"]
[Source "Chessbase"]
[SourceDate "2023.11.12"]
[SourceVersion "1"]
[SourceVersionDate "2023.11.12"]
[SourceQuality "1"]
[WhiteTeam "Team A"]
[BlackTeam "Team D"]
[WhiteTeamCountry "SRB"]
[BlackTeamCountry "SRB"]

1. c4 c5 2. g3 g6 3. Bg2 Bg7 4. h4 h5 5. Nc3 e6 6. d3 Nc6 7. Nh3 Nge7 8. Nf4 b6 9. Bd2 d6 10. a3 Bb7 11. Rb1 Rb8 12. b4 0-0 13. 0-0 Ba8 14. Qa4 Nd4 15. Rfc1 Bxg2 16. Kxg2 Qc7 17. Qd1 Rb7 18. e3 Qc6+ 19. f3 Ndf5 20. Qe2 Rfb8 21. Qf2 d5 22. Nce2 Qd6 23. Rd1 Nc6 24. b5 Nce7 25. e4 Nd4 26. Nxd4 Bxd4 27. Qe2 Rd8 28. cxd5 exd5 29. Re1 dxe4 30. Qxe4 Rbd7 31. g4 hxg4 32. fxg4 Nd5 33. h5 Nxf4+ 34. Bxf4 Qd5 35. Qxd5 Rxd5 36. hxg6 fxg6 37. Re6 Kf7 38. Rc6 R8d7 39. Rh1 g5 40. Bc1 Bg7 41. Rf1+ Kg8 42. Rc8+ Rd8 43. Rxd8+ Rxd8 44. Bxg5 Rxd3 45. Rf3 Rd4 46. Rf4 Rd5 47. Rf5 Rd3 48. Rf3 Rd5 49. Rf5 Rd4 50. Rf4 1/2-1/2

[Event "Senta Fantastico IM 10"]
[Site "Senta"]
[Date "2023.10.25"]
[Round "5.2"]
[White "Kolagatla, Alana Meenakshi"]
[Black "Drazic, Sinisa"]
[Result "1/2-1/2"]
[WhiteElo "2131"]
[BlackElo "2294"]
[PlyCount "34"]
[EventDate "2023.10.23"]
[EventType "tourn"]
[EventRounds "9"]
[EventCountry "SRB"]
[SourceTitle "Mega2024 Update 01"]
[Source "Chessbase"]
[SourceDate "2023.11.12"]
[SourceVersion "1"]
[SourceVersionDate "2023.11.12"]
[SourceQuality "1"]
[WhiteTeam "Team C"]
[BlackTeam "Team A"]
[WhiteTeamCountry "SRB"]
[BlackTeamCountry "SRB"]

1. e4 e6 2. d4 c5 3. Nf3 cxd4 4. Nxd4 a6 5. Nc3 Ne7 6. Be3 Nbc6 7. Qd2 Nxd4 8. Bxd4 Nc6 9. Be3 b5 10. g3 Bb7 11. Bg2 d6 12. f4 Be7 13. Qf2 0-0 14. 0-0 Rc8 15. Rad1 Qc7 16. Bh3 Bf6 17. f5 Qe7 1/2-1/2